Vývoj základných kovov v máji na Londýnskej burze kovov

Vývoj obchodovania so základnými kovmi (meď, hliník, olovo, zinok, nikel, cín) na Londýnskej burze kovov v máji 1997.

Guardado en:
Detalles Bibliográficos
Autor principal: Zoller, Alexander
Formato: Capítulo de libro
Lenguaje:eslovaco
Materias:
Etiquetas: Agregar Etiqueta
Sin Etiquetas, Sea el primero en etiquetar este registro!

MARC

LEADER 00000naa a2200000 4500
001 r026445
005 20230824090222.8
041 0 |a slo 
044 |a SK 
245 1 0 |a Vývoj základných kovov v máji na Londýnskej burze kovov  |c A. Zoller 
520 |a Vývoj obchodovania so základnými kovmi (meď, hliník, olovo, zinok, nikel, cín) na Londýnskej burze kovov v máji 1997. 
610 2 0 |a Veľká Británia 
610 2 0 |a Londýn 
610 2 0 |a Londýnska burza kovov 
610 2 0 |a máj 
610 2 0 |a 1997 
610 2 0 |a kovy 
610 2 0 |a meď 
610 2 0 |a hliník 
610 2 0 |a olovo 
610 2 0 |a zinok 
610 2 0 |a nikel 
610 2 0 |a obchody burzové 
100 1 |a Zoller, Alexander